Aktivní telemarketing: cesta k zákazníkovi

Telemarketing založený na telefonickom kontakte so zákazníkom. Výhody telemarketingu. Zriadenie call centra. Flexibilita pracovných síl. Základ úspešného kontaktovania klienta - dobrá databáza.

Guardado en:
Detalles Bibliográficos
Autor principal: Cechl, Pavel
Formato: Capítulo de libro
Lenguaje:checo
Materias:
Etiquetas: Agregar Etiqueta
Sin Etiquetas, Sea el primero en etiquetar este registro!

MARC

LEADER 00000naa$a2200000$$$4500
001 0030423
005 20231018124604.2
041 0 |a cze 
044 |a CZ 
245 1 0 |a Aktivní telemarketing: cesta k zákazníkovi  |c Pavel Cechl 
520 |a Telemarketing založený na telefonickom kontakte so zákazníkom. Výhody telemarketingu. Zriadenie call centra. Flexibilita pracovných síl. Základ úspešného kontaktovania klienta - dobrá databáza. 
610 2 0 |a telemarketing 
610 2 0 |a komunikácia 
610 2 0 |a predaj 
610 2 0 |a zákazníci 
610 2 0 |a domácnosti 
610 2 0 |a sily pracovné 
610 2 0 |a študenti 
610 2 0 |a flexibilita 
610 2 0 |a tržby 
610 2 0 |a náklady 
100 1 |a Cechl, Pavel